LIBRARY & INFORMATION CENTRE, KCAET, TAVANUR

ONLINE PUBLIC ACCESS CATALOGUE (OPAC)

Normal view MARC view
  • Chandra, Bipin

Entry Personal Name

Number of records used in: 1

001 - CONTROL NUMBER

  • control field: 6312

003 - CONTROL NUMBER IDENTIFIER

  • control field: OSt

005 - DATE AND TIME OF LATEST TRANSACTION

  • control field: 20241005161022.0

008 - FIXED-LENGTH DATA ELEMENTS

  • fixed length control field: 241005|| aca||aabn | a|a d

040 ## - CATALOGING SOURCE

  • Original cataloging agency: OSt
  • Transcribing agency: OSt

100 ## - HEADING--PERSONAL NAME

  • Personal name: Chandra, Bipin

670 ## - SOURCE DATA FOUND

  • Source citation: Work cat.: (OSt)18134: Chandra, Bipin, Vargeeyatha /, 2024.
free website counter